El nuevo Bernal Díaz del Castillo : o sea, historia de la invasión de los angloamericanos en México /
Este libro revisa con minuciosidad la invasión norteamericana a México a mediados del siglo XIX (1846-1848). Comprende desde el destierro de Antonio López de Santa Anna en 1845, hasta la resolución de este conflicto, en 1848. El título de "Nuevo Bernal Díaz del Castillo" es porque el autor pretendía...
Salvato in:
| Autore principale: | |
|---|---|
| Altri autori: | |
| Natura: | Libro |
| Lingua: | spagnolo |
| Pubblicazione: |
México :
CONACULTA,
2005, c1990
|
| Serie: | (Cien de México)
|
| Soggetti: | |
| Tags: |
Nessun Tag, puoi essere il primo ad aggiungerne!!
|
MARC
| LEADER | 00000nam^a2200000^a^4500 | ||
|---|---|---|---|
| 001 | 000187247 | ||
| 005 | 20250521000000.0 | ||
| 009 | 20260526130513.71 | ||
| 020 | |a 970-35-0784-0 | ||
| 037 | |a Acervo ITESO - Biblioteca | ||
| 041 | |a ESP | ||
| 082 | |a 972. 0441 |b BUS | ||
| 100 | |a Bustamante, Carlos María de |e (autor) | ||
| 240 | 1 | 4 | |a [El nuevo Bernal Díaz del Castillo] |
| 245 | 1 | 3 | |a El nuevo Bernal Díaz del Castillo : |b o sea, historia de la invasión de los angloamericanos en México / |c C.M. de Bustamante ; pról. de J.Z. Vázquez. |
| 264 | 4 | |a México : |b CONACULTA, |c 2005, c1990 | |
| 300 | |a 451 p. | ||
| 336 | |a texto |b txt |2 rdacontenido | ||
| 337 | |a sin mediación |b n |2 rdamedio | ||
| 338 | |a volumen |b nc |2 rdasoporte | ||
| 440 | 1 | |a (Cien de México) | |
| 520 | |a Este libro revisa con minuciosidad la invasión norteamericana a México a mediados del siglo XIX (1846-1848). Comprende desde el destierro de Antonio López de Santa Anna en 1845, hasta la resolución de este conflicto, en 1848. El título de "Nuevo Bernal Díaz del Castillo" es porque el autor pretendía escribir esta historia de la invasión norteamericana "con la misma veracidad con la que Bernal Díaz relató la llevada a cabo por Hernán Cortés", teniendo ambos la misma calidad de testigos presenciales. | ||
| 649 | |a XX | ||
| 650 | |a Relaciones Internacionales - |z México-EUA - |x Historia | ||
| 650 | |a Política Exterior - |z México - |x Historia - |y Invasión Norteamericana, 1846-1848 | ||
| 650 | |a Política Exterior - |z EUA - |x Historia - |y 1845-1861 | ||
| 650 | |a México - |x Historia - |y Invasión Norteamericana, 1846-1848 | ||
| 650 | |a México - |x Historia - |y Federalismo, 1846-1853 | ||
| 650 | |a México - |x Historia - |y Federalismo y Centralismo, 1824-1853 | ||
| 650 | |a México - |x Historia - |y Siglo XIX | ||
| 650 | |a EUA - |x Historia - |y 1845-1861 | ||
| 650 | |a EUA - |x Historia - |y Siglo XIX | ||
| 700 | |a Vázquez, Josefina Zoraida |e (prólogo) | ||
| 910 | |a Fondo General | ||
| 920 | |a Impresos - Libros | ||
| 930 | |a Colección General | ||
| 905 | |a 101 | ||
| 901 | |a 0500129359 |b IT1 |c ACC |u 20250521 | ||
| 902 | |a https://opac.biblio.iteso.mx/vufind/Record/000187247 | ||